[Event "DEM U10"]
[Site "Willingen"]
[Date "2006.06.04"]
[Round "3.7"]
[White "Niedermayer, Julian Andi"]
[Black "Blübaum, Matthias"]
[Result "1-0"]
[WhiteElo "1190"]
[BlackElo "1475"]
[PlyCount "151"]
[EventDate "2006.??.??"]
[EventType "swiss"]
[EventRounds "11"]
[EventCountry "GER"]

1. e4 e6 2. d4 d5 3. exd5 exd5 4. Nf3 Bg4 5. Bd3 Bd6 6. O-O Ne7 7. Bg5 f6 8.
Bh4 O-O 9. Nbd2 Nbc6 10. c3 Bf5 11. Qc2 Qd7 12. Rae1 Rfe8 13. Bg3 Bxg3 14. fxg3
Bxd3 15. Qxd3 a6 16. Nb3 b6 17. Rf2 Qf5 18. Qd2 Qd7 19. Rfe2 Ng6 20. Nc1 Kf7
21. Nd3 Rxe2 22. Rxe2 Re8 23. Rxe8 Qxe8 24. Nf4 Nge7 25. Qe2 Qc8 26. Ne1 g6 27.
Nc2 a5 28. Ne3 Qd8 29. Qf3 Qe8 30. Nexd5 Nxd5 31. Qxd5+ Kg7 32. Qe6 Qxe6 33.
Nxe6+ Kf7 34. Nxc7 Na7 35. Kf2 b5 36. Ke3 Ke7 37. Ke4 Kd6 38. Na6 f5+ 39. Kf4
h6 40. g4 fxg4 41. Kxg4 Nc6 42. Nc5 Ne7 43. Nb7+ Ke6 44. Nxa5 Nd5 45. Kf3 Kf5
46. c4 bxc4 47. Nxc4 Nc7 48. b4 Nb5 49. Ne3+ Ke6 50. d5+ Ke5 51. Ng4+ Kxd5 52.
Nxh6 Nc3 53. a3 Na4 54. Kf4 Kc4 55. Kg5 Kb3 56. Kxg6 Kxa3 57. g4 Kxb4 58. g5
Nc5 59. Kf7 Nd7 60. g6 Ne5+ 61. Kf6 Nxg6 62. Kxg6 Kc5 63. h4 Kd6 64. h5 Ke7 65.
Kg7 Ke6 66. Nf7 Kf5 67. h6 Kg4 68. h7 Kf3 69. h8=Q Ke4 70. Qh5 Kd4 71. Qe5+ Kd3
72. Nd6 Kc2 73. Qe3 Kd1 74. Qf2 Kc1 75. Nc4 Kd1 76. Qd2# 1-0

[Event "DEM U10"]
[Site "Willingen"]
[Date "2006.06.04"]
[Round "3.8"]
[White "Steimbach, Isabel"]
[Black "Galkin, Wladislaw"]
[Result "0-1"]
[WhiteElo "975"]
[BlackElo "1457"]
[PlyCount "132"]
[EventDate "2006.??.??"]
[EventType "swiss"]
[EventRounds "11"]
[EventCountry "GER"]

1. e4 e5 2. Nf3 Nc6 3. Bb5 f5 4. Nc3 fxe4 5. Nxe4 d5 6. Ng3 Bg4 7. h3 Bxf3 8.
Qxf3 Nf6 9. O-O Bd6 10. d3 O-O 11. Nf5 e4 12. dxe4 dxe4 13. Qe3 Nb4 14. Qg5 g6
15. Bc4+ Kh8 16. Qh6 gxf5 17. c3 Nc6 18. Bg5 Be7 19. Rad1 Qe8 20. f3 Ng8 21.
Bxg8 Kxg8 22. Be3 exf3 23. Rxf3 Qg6 24. Kh2 Qxh6 25. Bxh6 Bd6+ 26. g3 Rfe8 27.
Rxf5 Re2+ 28. Kg1 Rxb2 29. Rg5+ Kf7 30. Rg7+ Ke6 31. Re1+ Ne5 32. Bf4 Kd5 33.
Rg5 Re8 34. c4+ Kxc4 35. Bxe5 Bxe5 36. Rexe5 Rxe5 37. Rxe5 Rxa2 38. Re7 c5 39.
Rxb7 h5 40. g4 hxg4 41. hxg4 Kc3 42. g5 Ra5 43. Rf7 c4 44. Rf3+ Kb4 45. Rf4
Rxg5+ 46. Kf2 Rd5 47. Ke2 Kb3 48. Rf7 a5 49. Rb7+ Kc2 50. Rc7 c3 51. Rb7 Kc1
52. Rb3 c2 53. Rc3 a4 54. Ke3 a3 55. Rxa3 Kb2 56. Ra6 c1=Q+ 57. Kf3 Qc3+ 58.
Kf2 Qd4+ 59. Kg2 Rg5+ 60. Kf3 Qd3+ 61. Kf4 Qxa6 62. Kxg5 Qf1 63. Kg6 Qf4 64.
Kg7 Qf5 65. Kh8 Qg5 66. Kh7 Kc3 0-1

[Event "DEM U10"]
[Site "Willingen"]
[Date "2006.06.04"]
[Round "3.9"]
[White "Günthner, Arthur"]
[Black "Lagunov, Elina"]
[Result "1-0"]
[WhiteElo "1674"]
[BlackElo "857"]
[PlyCount "71"]
[EventDate "2006.??.??"]
[EventType "swiss"]
[EventRounds "11"]
[EventCountry "GER"]

1. d4 g6 2. c4 Nf6 3. Nc3 Bg7 4. e4 d6 5. Be2 Nbd7 6. Bg5 O-O 7. f3 h6 8. Be3
c6 9. Nh3 e5 10. d5 Nc5 11. Nf2 Nh5 12. g4 Nf4 13. Bxf4 exf4 14. h4 f5 15. gxf5
gxf5 16. Rb1 a5 17. dxc6 bxc6 18. Rg1 Kh8 19. h5 Rb8 20. Rg6 Qb6 21. Qd2 Rf6
22. Rg1 Rf7 23. Ncd1 a4 24. Qxd6 fxe4 25. fxe4 Nxe4 26. Qg6 Nxf2 27. Qxf7 Nd3+
28. Kd2 Qxg1 29. Qe8+ Bf8 30. Qxf8+ Qg8 31. Qxg8+ Kxg8 32. Bxd3 Bg4 33. Bg6
Rd8+ 34. Ke1 f3 35. Nf2 Be6 36. Rc1 1-0

[Event "DEM U10"]
[Site "Willingen"]
[Date "2006.06.04"]
[Round "3.10"]
[White "Pfadenhauer, Johannes"]
[Black "Xu, Xianliang"]
[Result "0-1"]
[WhiteElo "1281"]
[BlackElo "1542"]
[PlyCount "56"]
[EventDate "2006.??.??"]
[EventType "swiss"]
[EventRounds "11"]
[EventCountry "GER"]

1. d4 d5 2. Nf3 Nc6 3. Bf4 Bg4 4. Nbd2 e6 5. a3 Bd6 6. Bxd6 cxd6 7. g3 Nf6 8.
Bg2 O-O 9. O-O Rc8 10. Rc1 Qb6 11. Nb3 Rfe8 12. c4 dxc4 13. Rxc4 d5 14. Rc1 Na5
15. Nxa5 Qxa5 16. h3 Bf5 17. Qb3 b6 18. Ne5 Qa6 19. e3 Ne4 20. Rxc8 Rxc8 21.
Rd1 Nxf2 22. Rf1 Nxh3+ 23. Bxh3 Bxh3 24. Rxf7 Rc1+ 25. Kh2 Qe2+ 26. Rf2 Qxf2+
27. Kxh3 Rh1+ 28. Kg4 Qf5# 0-1

[Event "DEM U10"]
[Site "Willingen"]
[Date "2006.06.04"]
[Round "3.11"]
[White "Azizi, Nassim"]
[Black "Nöttling, Dominik"]
[Result "0-1"]
[WhiteElo "1331"]
[BlackElo "1503"]
[PlyCount "142"]
[EventDate "2006.??.??"]
[EventType "swiss"]
[EventRounds "11"]
[EventCountry "GER"]

1. e4 e5 2. Nf3 Nc6 3. Bb5 a6 4. Bxc6 dxc6 5. O-O Bd6 6. d3 Nf6 7. Bg5 O-O 8.
Nc3 Re8 9. Qe2 Bd7 10. Rad1 b5 11. Nd2 h6 12. Bh4 Be7 13. Bxf6 Bxf6 14. Qf3 Qc8
15. Qg3 b4 16. Ne2 Qd8 17. b3 c5 18. f4 a5 19. f5 a4 20. Kh1 Bb5 21. h3 axb3
22. axb3 Ra2 23. Rc1 Bxd3 24. Qxd3 Qxd3 25. cxd3 Rxd2 26. Ng1 Rxd3 27. Rxc5
Rxb3 28. Rxc7 Re3 29. Rc4 Rb8 30. Rb1 b3 31. Nf3 Re2 32. Kg1 Ra2 33. Ne1 Bh4
34. Nc2 Kh7 35. Na1 Bf2+ 36. Kf1 b2 37. Nc2 Bd4 38. Ke2 Ra1 39. Nxa1 bxa1=Q 40.
Rxa1 Bxa1 41. Kf3 Bd4 42. g4 Rb3+ 43. Kg2 Re3 44. Rc7 f6 45. Re7 Rxe4 46. Re8
Re2+ 47. Kf3 Re3+ 48. Kg2 Re1 49. Kf3 e4+ 50. Rxe4 Rxe4 51. Kxe4 Bf2 52. Kd5
Kg8 53. Ke6 Bg3 54. Ke7 Bh4 55. Ke8 g6 56. fxg6 Kg7 57. Kd7 Kxg6 58. Ke6 Kg5
59. Kf7 Kf4 60. Kg6 Kg3 61. Kxh6 Kxh3 62. Kh5 Bg5 63. Kg6 Kxg4 64. Kg7 f5 65.
Kg6 f4 66. Kg7 f3 67. Kh7 f2 68. Kg8 f1=Q 69. Kh7 Qf6 70. Kg8 Bh6 71. Kh7 Qg7#
0-1

[Event "DEM U10"]
[Site "Willingen"]
[Date "2006.06.04"]
[Round "3.12"]
[White "Höpfner, Tim"]
[Black "Bauer, Andreas"]
[Result "0-1"]
[WhiteElo "1265"]
[BlackElo "1438"]
[PlyCount "70"]
[EventDate "2006.??.??"]
[EventType "swiss"]
[EventRounds "11"]
[EventCountry "GER"]

1. e4 c5 2. Nf3 Nc6 3. d4 cxd4 4. Nxd4 Nf6 5. Nc3 e5 6. Nf3 d6 7. Bc4 Be7 8.
O-O Bg4 9. Be3 h6 10. Re1 Nh7 11. Be2 O-O 12. Nd5 f5 13. exf5 Bxf5 14. Bc4 Kh8
15. Qd2 Nf6 16. Nxf6 Rxf6 17. Nh4 Bh7 18. Nf3 Qd7 19. Bb5 Qg4 20. Bxc6 bxc6 21.
Qe2 Be4 22. Qf1 Bxf3 23. Bd2 Rg6 24. g3 h5 25. h3 Qf5 26. Rac1 d5 27. Kh2 Bd6
28. Qd3 e4 29. Qe3 h4 30. Rg1 hxg3+ 31. fxg3 Rh6 32. Qxh6+ gxh6 33. Bxh6 Kh7
34. Be3 Rh8 35. Rgf1 Qxh3+ 0-1

[Event "DEM U10"]
[Site "Willingen"]
[Date "2006.06.04"]
[Round "3.13"]
[White "Knopf, Felix"]
[Black "Nitsche-Hahn, Raphael"]
[Result "0-1"]
[WhiteElo "1251"]
[BlackElo "1392"]
[PlyCount "148"]
[EventDate "2006.??.??"]
[EventType "swiss"]
[EventRounds "11"]
[EventCountry "GER"]

1. d4 Nf6 2. c4 g6 3. Nc3 Bg7 4. Nf3 b6 5. g3 Bb7 6. Bg2 d6 7. O-O O-O 8. d5
Nbd7 9. Re1 Nc5 10. e4 e5 11. dxe6 Nxe6 12. Bg5 Nxg5 13. Nxg5 h6 14. Nf3 Re8
15. Qc2 Re7 16. Rad1 Qe8 17. Nd5 Nxd5 18. exd5 Qd7 19. Rxe7 Qxe7 20. Re1 Qd7
21. b3 Re8 22. Rxe8+ Qxe8 23. b4 Qe7 24. Qa4 a6 25. b5 a5 26. Qc2 Bc8 27. Kf1
Bf5 28. Qb3 Qf6 29. Qd1 Qa1 30. Qxa1 Bxa1 31. Ke1 Bd3 32. Nd2 Bc3 33. a4 Bxd2+
34. Kxd2 Bxc4 35. Kc3 Be2 36. Kd2 Bg4 37. h3 Bd7 38. Ke3 Kg7 39. g4 Kf6 40. Kf4
g5+ 41. Ke4 Kg6 42. f4 f5+ 43. Kf3 gxf4 44. Kxf4 fxg4 45. hxg4 Kf6 46. Bf3 Be8
47. Be4 h5 48. gxh5 Bxh5 49. Bc2 Be2 50. Ke3 Bf1 51. Kd4 Kg5 52. Be4 Kf4 53.
Bc2 Kf3 54. Be4+ Ke2 55. Bd3+ Ke1 56. Bxf1 Kxf1 57. Ke4 Ke2 58. Kf5 Kd3 59. Ke6
Kd4 60. Kd7 Kxd5 61. Kxc7 Kc5 62. Kb7 d5 63. Ka6 d4 64. Kb7 d3 65. Ka6 d2 66.
Kb7 d1=Q 67. Ka6 Qd4 68. Kb7 Qd7+ 69. Ka6 Qd8 70. Kb7 Kb4 71. Kc6 Qb8 72. Kd7
Kc5 73. Ke6 Qd6+ 74. Kf5 Kd4 0-1

[Event "DEM U10"]
[Site "Willingen"]
[Date "2006.06.04"]
[Round "3.14"]
[White "Schnorr, Christian"]
[Black "Plotkin, Alex"]
[Result "0-1"]
[WhiteElo "1372"]
[BlackElo "1364"]
[PlyCount "60"]
[EventDate "2006.??.??"]
[EventType "swiss"]
[EventRounds "11"]
[EventCountry "GER"]

1. d4 f5 2. Bg5 g6 3. Nc3 Bg7 4. e4 fxe4 5. Nxe4 d5 6. Ng3 Nc6 7. Nf3 Nf6 8.
Qd2 Bg4 9. Bb5 Bxf3 10. Bxc6+ bxc6 11. gxf3 O-O 12. h4 h5 13. Qe3 Qd6 14. O-O-O
a5 15. Rd3 a4 16. Rc3 Ra5 17. Re1 Re8 18. Qe6+ Kf8 19. Qxd6 exd6 20. Rxe8+ Nxe8
21. Rxc6 Bxd4 22. Nh1 Kf7 23. Bd8 Ra7 24. c4 Ke6 25. Bg5 Bc5 26. Be3 d4 27.
Rxc5 dxc5 28. Bd2 Nd6 29. b3 axb3 30. axb3 Ra1+ 0-1

[Event "DEM U10"]
[Site "Willingen"]
[Date "2006.06.04"]
[Round "3.15"]
[White "Jünger, Alexander"]
[Black "Sasse, Fabius"]
[Result "0-1"]
[WhiteElo "1197"]
[BlackElo "1337"]
[PlyCount "104"]
[EventDate "2006.??.??"]
[EventType "swiss"]
[EventRounds "11"]
[EventCountry "GER"]

1. e4 e5 2. Nf3 Nc6 3. d4 exd4 4. Bc4 Bc5 5. c3 dxc3 6. O-O Nge7 7. Nxc3 O-O 8.
b3 a6 9. a4 d6 10. h3 Be6 11. Nd5 Bxd5 12. exd5 Ne5 13. Bb2 Nxf3+ 14. Qxf3 Ng6
15. Qc3 f6 16. Bd3 Qe8 17. Rae1 Qf7 18. Bf5 Kh8 19. Be6 Qe7 20. Qd3 Nf4 21. Qf5
Nxe6 22. Rxe6 Qf7 23. Rfe1 Rae8 24. Bc1 Bd4 25. Bg5 Be5 26. Bh4 Rxe6 27. dxe6
Qg6 28. Qxg6 hxg6 29. Bg3 Re8 30. Rc1 c6 31. Bxe5 dxe5 32. Rd1 Rxe6 33. Rd7 b6
34. Ra7 a5 35. Ra6 c5 36. Kf1 g5 37. Ke2 Rd6 38. Kf3 Kh7 39. Kg4 Kg6 40. h4 f5+
41. Kh3 Rd3+ 42. g3 Rxb3 43. Kg2 gxh4 44. gxh4 c4 45. Ra7 c3 46. Rc7 Ra3 47.
h5+ Kxh5 48. Rxg7 Rxa4 49. Rh7+ Kg6 50. Rh1 c2 51. Rc1 Rc4 52. Kf1 b5 0-1

[Event "DEM U10"]
[Site "Willingen"]
[Date "2006.06.04"]
[Round "3.16"]
[White "Scheel, Henrik"]
[Black "Rührmund, Daniel"]
[Result "1-0"]
[WhiteElo "1173"]
[BlackElo "1470"]
[PlyCount "123"]
[EventDate "2006.??.??"]
[EventType "swiss"]
[EventRounds "11"]
[EventCountry "GER"]

1. e4 c5 2. Nf3 e6 3. Be2 a6 4. d3 Qc7 5. Be3 b5 6. Nbd2 Bb7 7. O-O Nf6 8. c3
Be7 9. Rc1 O-O 10. h3 Rc8 11. Qb3 d6 12. c4 b4 13. Qd1 Nbd7 14. Nb3 a5 15. Bf4
e5 16. Bg3 a4 17. Nbd2 a3 18. b3 Nh5 19. Nh2 Nhf6 20. Ng4 Nxg4 21. Bxg4 Bg5 22.
f4 exf4 23. Bxf4 Bf6 24. Nf3 Re8 25. Bg5 Bxg5 26. Nxg5 Re7 27. Qf3 Ne5 28. Qg3
h6 29. Nf3 Nxd3 30. Rcd1 Ne5 31. Rfe1 Nxg4 32. Qxg4 Rae8 33. Nd2 Qd7 34. Qxd7
Rxd7 35. Kf2 Rde7 36. Kf3 f5 37. Re3 fxe4+ 38. Kg3 Re6 39. Rde1 Re5 40. R1e2
R8e6 41. Re1 Kf7 42. R1e2 Kg6 43. h4 d5 44. cxd5 Bxd5 45. Kh3 Rf6 46. g4 Rf4
47. Kg3 Rf8 48. h5+ Kh7 49. Nxe4 Bxe4 50. Rxe4 Rxe4 51. Rxe4 Rd8 52. Re2 Kg8
53. Rc2 Rd3+ 54. Kf4 Rd4+ 55. Kf5 Rd5+ 56. Ke6 Rg5 57. Rc4 Kf8 58. Rf4+ Ke8 59.
Rc4 Kd8 60. Kd6 Ke8 61. Rf4 Kd8 62. Rf8# 1-0

[Event "DEM U10"]
[Site "Willingen"]
[Date "2006.06.04"]
[Round "3.17"]
[White "Stahnecker, Ludwig"]
[Black "Stolcz, Bianca"]
[Result "0-1"]
[WhiteElo "1447"]
[BlackElo "1095"]
[PlyCount "108"]
[EventDate "2006.??.??"]
[EventType "swiss"]
[EventRounds "11"]
[EventCountry "GER"]

1. e4 e5 2. Nf3 Nc6 3. Bb5 a6 4. Ba4 b5 5. Bb3 Nf6 6. O-O Be7 7. Re1 O-O 8. c3
d5 9. exd5 Nxd5 10. Nxe5 Nxe5 11. Rxe5 c6 12. Bxd5 cxd5 13. d4 f6 14. Re1 Bd6
15. Qh5 Bc7 16. Nd2 g6 17. Qd1 f5 18. Nf3 f4 19. Ne5 Qg5 20. Qf3 Be6 21. Bd2 h5
22. h4 Qf6 23. Qe2 Rae8 24. a4 Bxe5 25. Qxe5 Qxh4 26. axb5 axb5 27. Ra7 Rf6 28.
g3 fxg3 29. fxg3 Qg4 30. Bf4 Bf7 31. Re7 Rxe7 32. Qxe7 Rxf4 33. Qh4 Qxh4 34.
gxh4 Rxh4 35. Re7 Rg4+ 36. Kh2 Kf8 37. Rb7 h4 38. Rxb5 Rg3 39. Rc5 Rd3 40. b4
h3 41. b5 Be6 42. Rc6 Rd2+ 43. Kg1 h2+ 44. Kh1 Bf5 45. Rf6+ Ke7 46. Rxf5 gxf5
47. b6 Rb2 48. b7 f4 49. b8=Q Rxb8 50. Kxh2 Rf8 51. Kg2 f3+ 52. Kf2 Ke6 53. Kf1
Kf5 54. Kf2 Ke4 0-1

[Event "DEM U10"]
[Site "Willingen"]
[Date "2006.06.04"]
[Round "3.18"]
[White "Bonk, Andras"]
[Black "Grewenig, Jan"]
[Result "0-1"]
[WhiteElo "1084"]
[BlackElo "1409"]
[PlyCount "54"]
[EventDate "2006.??.??"]
[EventType "swiss"]
[EventRounds "11"]
[EventCountry "GER"]

1. e4 c5 2. Nf3 Nc6 3. Bc4 g6 4. b3 Bg7 5. Nc3 Nf6 6. Bb2 d6 7. O-O O-O 8. Re1
Bg4 9. h3 Bd7 10. Qe2 Nb4 11. Rac1 a6 12. a4 Qc8 13. Nd5 Nbxd5 14. Bxd5 Nxd5
15. Bxg7 Nf4 16. Qe3 Nxh3+ 17. gxh3 Kxg7 18. Ng5 h6 19. Nf3 Bxh3 20. Kh2 Qg4
21. Nh4 Qxh4 22. Qxh3 Qxh3+ 23. Kxh3 b5 24. a5 Rad8 25. d3 e6 26. e5 dxe5 27.
Rxe5 Rd5 0-1

[Event "DEM U10"]
[Site "Willingen"]
[Date "2006.06.04"]
[Round "3.19"]
[White "Müller, Georg"]
[Black "Hauffen, Franziska"]
[Result "1-0"]
[WhiteElo "1402"]
[BlackElo "1084"]
[PlyCount "67"]
[EventDate "2006.??.??"]
[EventType "swiss"]
[EventRounds "11"]
[EventCountry "GER"]

1. d4 Nf6 2. e3 g6 3. Bd3 Bg7 4. f4 d5 5. Nf3 Bg4 6. Nbd2 c6 7. O-O O-O 8. Qe1
Nbd7 9. Ne5 Bh5 10. h3 Qc8 11. Qh4 Nxe5 12. fxe5 Ne8 13. g4 Bxg4 14. hxg4 Qd7
15. c4 Nc7 16. cxd5 cxd5 17. Rf2 Rac8 18. Rh2 h6 19. Nb3 g5 20. Qh3 f6 21. e6
Nxe6 22. Bf5 Qd6 23. Nc5 Rc6 24. Nxe6 Rf7 25. Nxg7 Rxg7 26. Qxh6 Qg3+ 27. Rg2
Rxc1+ 28. Rxc1 Qxe3+ 29. Kh2 Qxc1 30. Rc2 Qf4+ 31. Kg2 Qe3 32. Rc8+ Kf7 33.
Qh5+ Rg6 34. Qxg6# 1-0

[Event "DEM U10"]
[Site "Willingen"]
[Date "2006.06.04"]
[Round "3.20"]
[White "Rahimi, Rozafa"]
[Black "Volz, Alexander"]
[Result "0-1"]
[WhiteElo "1082"]
[BlackElo "1366"]
[PlyCount "116"]
[EventDate "2006.??.??"]
[EventType "swiss"]
[EventRounds "11"]
[EventCountry "GER"]

1. e4 c5 2. f4 e6 3. Nf3 d6 4. Be2 Nc6 5. O-O Nf6 6. d3 Be7 7. Bd2 Qb6 8. b3
c4+ 9. Kh1 cxd3 10. Bxd3 O-O 11. Nc3 Bd7 12. Na4 Qc7 13. Qe2 Rac8 14. e5 dxe5
15. fxe5 Nd5 16. c4 Nb6 17. Nxb6 Qxb6 18. Ng5 Bxg5 19. Bxg5 Qd4 20. Rad1 Qxe5
21. Qh5 h6 22. Rf3 Qxg5 23. Qxg5 hxg5 24. Rh3 f6 25. Bh7+ Kf7 26. Rxd7+ Ke8 27.
Rxg7 Ne7 28. Bc2 Rd8 29. Rhh7 Rd7 30. Bg6+ Kd8 31. h3 Rd1+ 32. Kh2 Nxg6 33.
Rxg6 Rd7 34. Rgg7 Rxg7 35. Rxg7 Kc8 36. Kg3 a5 37. a3 Rd8 38. b4 Rd3+ 39. Kf2
Rxa3 40. bxa5 Rxa5 41. Re7 Rf5+ 42. Ke3 e5 43. c5 Rf4 44. Kd3 Rf2 45. Re6 Rxg2
46. Rxf6 Rg3+ 47. Ke4 Rxh3 48. Kxe5 Ra3 49. Rg6 Ra5 50. Kd6 Ra6+ 51. c6 Rxc6+
52. Ke7 Rxg6 53. Kf7 g4 54. Kxg6 g3 55. Kf5 g2 56. Kf4 g1=Q 57. Kf3 Qh2 58. Ke4
b5 0-1

[Event "DEM U10"]
[Site "Willingen"]
[Date "2006.06.04"]
[Round "3.21"]
[White "Peil, Christoph"]
[Black "Takeuchi, Eiki"]
[Result "1-0"]
[WhiteElo "1339"]
[BlackElo "1065"]
[PlyCount "151"]
[EventDate "2006.??.??"]
[EventType "swiss"]
[EventRounds "11"]
[EventCountry "GER"]

1. d4 d5 2. c4 e6 3. Nc3 Nf6 4. Bg5 Bb4 5. e3 O-O 6. Nf3 h6 7. Bh4 c6 8. Qb3
Be7 9. Be2 Nbd7 10. O-O Qc7 11. Rac1 a6 12. cxd5 exd5 13. Nxd5 Nxd5 14. Qxd5
Bxh4 15. Nxh4 Qd8 16. Qh5 Nf6 17. Qe5 Re8 18. Qc5 Ne4 19. Qh5 Qb6 20. b3 Qb4
21. Bc4 Be6 22. Rfd1 Bxc4 23. bxc4 Qb2 24. Qf3 Qxa2 25. Ra1 Qxc4 26. Nf5 Qe6
27. Ra5 f6 28. Qg4 g5 29. Nxh6+ Kg7 30. Nf5+ Kg6 31. Nh4+ Kh6 32. Qxe6 Rxe6 33.
Nf3 Rd8 34. Rb1 Rd7 35. Rb6 Red6 36. g3 Kh5 37. Kg2 Kh6 38. h4 Kg6 39. hxg5
Nxg5 40. Nh4+ Kf7 41. Nf3 Nxf3 42. Kxf3 Rd5 43. Rxd5 cxd5 44. Ke2 Kg6 45. Kf3
Kg5 46. g4 f5 47. gxf5 Kxf5 48. Rh6 Kg5 49. Re6 Rf7+ 50. Ke2 Kf5 51. Re5+ Kf6
52. Rxd5 Rc7 53. Kd3 Ke6 54. Rh5 Rc1 55. Ke4 Ra1 56. Rh6+ Kd7 57. d5 b5 58. Ke5
b4 59. Rh7+ Kd8 60. d6 b3 61. Rb7 Ra5+ 62. Ke6 Rb5 63. Rd7+ Kc8 64. Rc7+ Kb8
65. Rc1 Rh5 66. Rb1 Rh6+ 67. Kd5 Rh5+ 68. Kc6 Kc8 69. Rxb3 Rh6 70. Rb6 a5 71.
Ra6 Kb8 72. Rxa5 Rh1 73. Rb5+ Ka7 74. d7 Rh6+ 75. Kc7 Rh7 76. Ra5# 1-0

[Event "DEM U10"]
[Site "Willingen"]
[Date "2006.06.04"]
[Round "3.23"]
[White "Spiegelberg, Silvia"]
[Black "Winterholler, Christina"]
[Result "1-0"]
[WhiteElo "1046"]
[BlackElo "1332"]
[PlyCount "43"]
[EventDate "2006.??.??"]
[EventType "swiss"]
[EventRounds "11"]
[EventCountry "GER"]

1. e4 e5 2. Nf3 d6 3. Bc4 Be7 4. d4 Nf6 5. Nc3 Nbd7 6. O-O Nb6 7. dxe5 Nxc4 8.
exf6 gxf6 9. b3 Ne5 10. h3 Rg8 11. Kh1 Be6 12. Bf4 Qd7 13. Ng1 O-O-O 14. Qd4
Kb8 15. Rad1 Rg6 16. Bg3 Rdg8 17. Kh2 Ng4+ 18. Kh1 Rh6 19. f3 Ne5 20. Bf2 Bxh3
21. Qxa7+ Kc8 22. Qa8# 1-0

[Event "DEM U10"]
[Site "Willingen"]
[Date "2006.06.04"]
[Round "3.24"]
[White "Svane, Rasmus"]
[Black "Preiß, Vincent"]
[Result "1/2-1/2"]
[WhiteElo "1034"]
[BlackElo "1289"]
[PlyCount "74"]
[EventDate "2006.??.??"]
[EventType "swiss"]
[EventRounds "11"]
[EventCountry "GER"]

1. e4 e5 2. Nc3 Bc5 3. Nf3 Nf6 4. d4 exd4 5. Nxd4 d5 6. exd5 Nxd5 7. Nxd5 Qxd5
8. Be3 O-O 9. c4 Qe6 10. a3 Re8 11. Be2 Nc6 12. Nc2 Qg6 13. O-O Bxe3 14. Nxe3
f5 15. Kh1 Qg5 16. Re1 Rd8 17. Qc1 f4 18. Nd5 Be6 19. Nxc7 Bg4 20. Bxg4 Qxg4
21. f3 Qh4 22. Nxa8 Rxa8 23. Re2 Nd4 24. Qd1 Nxe2 25. Qxe2 Kf8 26. Qd2 Rd8 27.
Qb4+ Kg8 28. Qxb7 Re8 29. Qxa7 Re1+ 30. Rxe1 Qxe1+ 31. Qg1 Qd2 32. c5 Qxb2 33.
c6 Qc3 34. Qb6 h6 35. h3 Qe1+ 36. Qg1 Qc3 37. Qh2 Qe1+ 1/2-1/2

[Event "DEM U10"]
[Site "Willingen"]
[Date "2006.06.04"]
[Round "3.25"]
[White "Priese, Annika"]
[Black "Haferland, Konstantin"]
[Result "0-1"]
[WhiteElo "1000"]
[BlackElo "1277"]
[PlyCount "62"]
[EventDate "2006.??.??"]
[EventType "swiss"]
[EventRounds "11"]
[EventCountry "GER"]

1. e4 e5 2. Nf3 Nc6 3. Bc4 Nf6 4. d3 Bc5 5. c3 O-O 6. Bg5 d6 7. Nbd2 Bg4 8. h3
Bh5 9. g4 Bg6 10. Nf1 Qe7 11. Ng3 Nb8 12. Qe2 Nbd7 13. h4 h6 14. Bxf6 Qxf6 15.
g5 Qe7 16. h5 Bh7 17. gxh6 gxh6 18. Rg1 Kh8 19. Qd2 Qf6 20. Qe2 Rg8 21. O-O-O
Qf4+ 22. Kb1 Rg7 23. Rg2 Rag8 24. Rdg1 Nf6 25. Qd1 Ng4 26. Ne2 Qxf3 27. d4 Nxf2
28. Qf1 Rxg2 29. Rxg2 Rxg2 30. dxc5 Bxe4+ 31. Ka1 Nd3 0-1

[Event "DEM U10"]
[Site "Willingen"]
[Date "2006.06.04"]
[Round "3.26"]
[White "Bluhm, Sonja Maria"]
[Black "Urban, Lars"]
[Result "1/2-1/2"]
[WhiteElo "963"]
[BlackElo "1265"]
[PlyCount "35"]
[EventDate "2006.??.??"]
[EventType "swiss"]
[EventRounds "11"]
[EventCountry "GER"]

1. e4 e5 2. Nf3 Nc6 3. Bc4 Nf6 4. d3 Bc5 5. c3 d6 6. h3 Na5 7. Bb3 Nxb3 8. Qxb3
Rb8 9. Ng5 O-O 10. Qd1 h6 11. Nf3 Be6 12. Be3 Bb6 13. O-O Qd7 14. Re1 Rfd8 15.
Nbd2 Qb5 16. Nb3 a5 17. c4 Qd7 18. Qc1 1/2-1/2

[Event "DEM U10"]
[Site "Willingen"]
[Date "2006.06.04"]
[Round "3.27"]
[White "Srokovskiy, Andrea"]
[Black "Mainik, Philipp"]
[Result "0-1"]
[WhiteElo "940"]
[BlackElo "1258"]
[PlyCount "30"]
[EventDate "2006.??.??"]
[EventType "swiss"]
[EventRounds "11"]
[EventCountry "GER"]

1. e4 e5 2. Nf3 Nf6 3. Nxe5 d6 4. Nc4 Nxe4 5. Qe2 d5 6. Nc3 Qe7 7. Nxd5 Bg4 8.
f3 Qh4+ 9. g3 Qd8 10. Qxe4+ Be6 11. f4 Qxd5 12. Qxd5 Bxd5 13. Rg1 Bc5 14. Ne3
Bc6 15. g4 Bd6 0-1

[Event "DEM U10"]
[Site "Willingen"]
[Date "2006.06.04"]
[Round "3.28"]
[White "Engshuber, Maximilian"]
[Black "Scholz, Andre"]
[Result "1-0"]
[WhiteElo "1228"]
[BlackElo "1034"]
[PlyCount "71"]
[EventDate "2006.??.??"]
[EventType "swiss"]
[EventRounds "11"]
[EventCountry "GER"]

1. e4 e5 2. Nf3 Nf6 3. Nxe5 d6 4. Nf3 Nxe4 5. d3 Nf6 6. Nc3 Nc6 7. Bg5 Be7 8.
Be2 O-O 9. O-O d5 10. d4 Bg4 11. h3 Bf5 12. Ne5 Ne4 13. Nxc6 bxc6 14. Nxe4 Bxe4
15. Bxe7 Qxe7 16. Re1 Qg5 17. Bf3 Bf5 18. g4 Rab8 19. Re5 g6 20. Bg2 Rxb2 21.
gxf5 gxf5 22. Qg4 Qxg4 23. hxg4 fxg4 24. Rg5+ Kh8 25. Rxg4 Rxc2 26. Rb1 Rxa2
27. Rb7 Rc8 28. Bh3 Ra1+ 29. Kg2 Ra8 30. Rxc7 a5 31. Rxf7 a4 32. Rgg7 a3 33.
Rxh7+ Kg8 34. Rfg7+ Kf8 35. Be6 a2 36. Rg8# 1-0

[Event "DEM U10"]
[Site "Willingen"]
[Date "2006.06.04"]
[Round "3.29"]
[White "Wagner, Dennis"]
[Black "Haryanto, Selina"]
[Result "1-0"]
[WhiteElo "1225"]
[BlackElo "979"]
[PlyCount "81"]
[EventDate "2006.??.??"]
[EventType "swiss"]
[EventRounds "11"]
[EventCountry "GER"]

1. e4 e5 2. Nf3 Nc6 3. Bc4 Nf6 4. d3 Bc5 5. O-O d6 6. Bg5 Bg4 7. c3 O-O 8. Nbd2
h6 9. Bh4 Re8 10. Nb3 Bb6 11. h3 Bh5 12. Qe2 Qe7 13. Bd5 Rad8 14. Rfd1 a5 15.
a4 Rd7 16. Rd2 Qd8 17. Re1 g5 18. Bxc6 bxc6 19. Bg3 Rde7 20. Rc2 d5 21. Rd1 c5
22. c4 c6 23. cxd5 cxd5 24. Nxc5 dxe4 25. dxe4 Qb8 26. Nd3 Qb7 27. Rc4 Bc7 28.
Rdc1 Bb8 29. Rc6 Kg7 30. h4 gxh4 31. Bxh4 Re6 32. Rxe6 fxe6 33. Bxf6+ Kxf6 34.
Qe3 Rh8 35. Ndxe5 Bxe5 36. Nxe5 Kxe5 37. Qc3+ Kxe4 38. Qxh8 Kf5 39. Rc5+ Kg4
40. Qd4+ Qe4 41. Qxe4# 1-0

[Event "DEM U10"]
[Site "Willingen"]
[Date "2006.06.04"]
[Round "3.30"]
[White "Schreiber, Justina"]
[Black "Bokemaer, David"]
[Result "0-1"]
[WhiteElo "855"]
[BlackElo "1222"]
[PlyCount "36"]
[EventDate "2006.??.??"]
[EventType "swiss"]
[EventRounds "11"]
[EventCountry "GER"]

1. e4 e5 2. Nf3 Nc6 3. Bc4 Nf6 4. d3 Bc5 5. Nc3 O-O 6. Qe2 d6 7. Be3 b6 8. Bxc5
bxc5 9. Nd5 Rb8 10. c3 Be6 11. Nxf6+ Qxf6 12. Bxe6 Qxe6 13. Ng5 Qg6 14. Qg4 h6
15. Qd7 Qxg5 16. Qxc6 Qxg2 17. Rf1 Rxb2 18. Qxc7 Qf3 0-1

[Event "DEM U10"]
[Site "Willingen"]
[Date "2006.06.04"]
[Round "3.31"]
[White "Berger, Nadja"]
[Black "Neef, Maximilian"]
[Result "1-0"]
[WhiteElo "801"]
[BlackElo "1197"]
[PlyCount "97"]
[EventDate "2006.??.??"]
[EventType "swiss"]
[EventRounds "11"]
[EventCountry "GER"]

1. d4 Nf6 2. Bf4 e6 3. e3 d5 4. Nd2 Be7 5. Ngf3 Nbd7 6. Bd3 O-O 7. O-O b6 8.
Ne5 Nxe5 9. Bxe5 c5 10. c3 Bd7 11. Qc2 h6 12. Ba6 Bc6 13. Bd3 Bd6 14. f4 Ng4
15. Rfe1 Nxe5 16. fxe5 Be7 17. Rf1 Bg5 18. Rf3 Rc8 19. Raf1 Rc7 20. Bg6 Bb5 21.
R1f2 Bh4 22. g3 Qg5 23. Kh1 Be8 24. gxh4 Qxh4 25. Rf4 Qe7 26. Bd3 b5 27. Nf3 b4
28. Nh4 a5 29. Ng6 Qd7 30. Nxf8 Kxf8 31. Bg6 Qb5 32. Bxf7 Rxf7 33. Rxf7+ Bxf7
34. Qe2 Qc6 35. Qf3 Qd7 36. Kg2 Kg8 37. dxc5 Qc7 38. cxb4 axb4 39. a3 bxa3 40.
bxa3 Bg6 41. Qf8+ Kh7 42. Qd6 Be4+ 43. Kg3 Bf5 44. Qxc7 Kg6 45. Rf1 h5 46. Rg1
Kh6 47. Kh4 Bg6 48. Qd8 Bh7 49. Qg5# 1-0